Gravity : stories /
Saved in:
| Main Author: | |
|---|---|
| Format: | Book |
| Language: | English |
| Published: |
London :
Granta Books,
1997.
|
| Subjects: | |
| Tags: |
Add Tag
No Tags, Be the first to tag this record!
|
| LEADER | 01042nam a2200265 a 4500 | ||
|---|---|---|---|
| 001 | 007768694-2 | ||
| 005 | 20020606104010.5 | ||
| 008 | 980327s1997 enk 000 1 eng | ||
| 010 | |a 98132197 | ||
| 020 | |a 1862070822 | ||
| 035 | 0 | |a ocm38127279 | |
| 040 | |a DLC |c DLC | ||
| 050 | 0 | 0 | |a PS3573.A3836 |b G73 1997 |
| 082 | 0 | 0 | |a 813/.54 |2 21 |
| 100 | 1 | |a Wagner, Erica, |d 1967- | |
| 245 | 1 | 0 | |a Gravity : |b stories / |c Erica Wagner. |
| 260 | |a London : |b Granta Books, |c 1997. | ||
| 300 | |a 231 p. ; |c 22 cm. | ||
| 505 | 0 | |a Gravity -- Stealing -- Please don't -- A monkey -- How many there are, how fast they go, the direction they go in -- The great Leonardo -- Haircut -- Jamie -- A simple question -- Pyramid -- A few hours at home -- The bends -- Back home -- Mysteries of the ancients. | |
| 650 | 0 | |a Loneliness |v Fiction. | |
| 650 | 0 | |a Alienation (Social psychology) |v Fiction. | |
| 655 | 7 | |a Fiction. |2 fast | |
| 776 | 0 | 8 | |i Online version: |a Wagner, Erica, 1967- |t Gravity. |d London : Granta Books, 1997 |w (OCoLC)605514649 |
| 988 | |a 20020608 | ||
| 906 | |0 DLC | ||


